000 00472nam a2200157Ia 4500
008 220214s9999 xx 000 0 und d
100 _aCarlisle Sara M
245 0 _aEffect of the herbicide glyphosate on nitrification, denitrification, and acetylene reduction in soil
260 _bWater, Air and Soil Pollution
_c1986
300 _a189-203
650 _aDenitrification
650 _aHerbicide
650 _aNitrification
700 _aTrevors Jack T
942 _cRE
999 _c45332
_d45332